La enseñanza en Alemania. Su dirección,su organización, su administración, el Ministerio de Instrucción Pública de Prusia

Uloženo v:
Podrobná bibliografie
Hlavní autor: Fuenzalida, Alejandro (Autor)
Médium: Kniha
Jazyk:španělština
Vydáno: Santiago Imprenta Nacional 1913
Vydání:1a. ed
Témata:
Tagy: Přidat tag
Žádné tagy, Buďte první, kdo vytvoří štítek k tomuto záznamu!

MARC

LEADER 00000nam a2200000 a 4500
001 UCJ6432
003 CL-VaPUC
008 070124e19130000CL |||||||||||||||||spa|d
082 0 4 |a 373  |b FUE  |2 21 
100 0 |a Fuenzalida, Alejandro  |e author  |9 513074 
245 1 3 |a La enseñanza en Alemania. Su dirección,su organización, su administración, el Ministerio de Instrucción Pública de Prusia 
250 |a 1a. ed 
300 |a 438 p 
942 |c BK 
945 |d 20070124 00:00:00  |a rinostro 
260 |a Santiago  |b Imprenta Nacional  |c 1913 
500 |a Advierte errata 
650 0 |a Administración de la enseñanza   |9 261034 
650 0 |a Gestión educacional   |9 261035 
650 0 |a Universidades  |9 256317 
651 0 |a Alemania  |9 255688 
583 |a last modification  |c 20170504 12:17:21  |k Rodrigo Vera 
999 |c 322537  |d 322535 
952 |0 0  |1 0  |4 0  |6 373_000000000000000_FUE_1913  |7 0  |8 X  |9 401547  |a FDOBUD  |b FDOBUD  |d 2019-11-22  |i 1047868  |o 373 FUE 1913  |p 1047868  |r 2019-11-22  |w 2019-11-22  |y BK_X  |k BUD